The fell sword / (Record no. 2470)

MARC details
000 -LEADER
fixed length control field 00595nam a22002057a 4500
005 - DATE AND TIME OF LATEST TRANSACTION
control field 20260123061745.0
008 - FIXED-LENGTH DATA ELEMENTS--GENERAL INFORMATION
fixed length control field 260123b |||||||| |||| 00| 0 eng d
020 ## - INTERNATIONAL STANDARD BOOK NUMBER
International Standard Book Number 978-0-316-21233-5
082 ## - DEWEY DECIMAL CLASSIFICATION NUMBER
Classification number Fic. C182 2013
100 ## - MAIN ENTRY--PERSONAL NAME
Personal name Cameron, Miles
9 (RLIN) 93
245 ## - TITLE STATEMENT
Title The fell sword /
Statement of responsibility, etc. MIles Cameron
260 ## - PUBLICATION, DISTRIBUTION, ETC.
Place of publication, distribution, etc. New York:
Name of publisher, distributor, etc. Orbit,
Date of publication, distribution, etc. c2013
300 ## - PHYSICAL DESCRIPTION
Extent 624p.:
Other physical details ill.
490 ## - SERIES STATEMENT
Series statement The traitor son cycle;
Volume/sequential designation 2
541 ## - IMMEDIATE SOURCE OF ACQUISITION NOTE
Accession number 7847 c.1
650 ## - SUBJECT ADDED ENTRY--TOPICAL TERM
Topical term or geographic name entry element Fantasy fiction
9 (RLIN) 62
650 ## - SUBJECT ADDED ENTRY--TOPICAL TERM
Topical term or geographic name entry element Knights and knighthood - Fiction
9 (RLIN) 94
650 ## - SUBJECT ADDED ENTRY--TOPICAL TERM
Topical term or geographic name entry element Mercernary troops - Fiction
9 (RLIN) 95
650 ## - SUBJECT ADDED ENTRY--TOPICAL TERM
Topical term or geographic name entry element Science fiction
9 (RLIN) 64
Holdings
Withdrawn status Lost status Source of classification or shelving scheme Damaged status Not for loan Home library Current library Date acquired Total Checkouts Full call number Barcode Date last seen Copy number Price effective from Koha item type
    Dewey Decimal Classification     ctu-moalboal ctu-moalboal 05/27/2024   Fic. C182 2013 7847 01/23/2026 1 01/23/2026 Books-Fiction